ბათუმის შოთა რუსთაველის სახელმწიფო უნივერსიტეტის ბიბლიოთეკა

Проектирование висячих и вантовых мостов. (ბიბ.ჩანაწერი № 41291)

000 -LEADER
fixed length control field 00755nam a2200217Ia 4500
001 - CONTROL NUMBER
control field 7948
003 - CONTROL NUMBER IDENTIFIER
control field GE_BSU
008 - FIXED-LENGTH DATA ELEMENTS--GENERAL INFORMATION
fixed length control field 181216s||||||||xx |||||||||||||| ||und||
040 ## - CATALOGING SOURCE
Transcribing agency GE_BSU
080 ## - UNIVERSAL DECIMAL CLASSIFICATION NUMBER
Universal Decimal Classification number 624.5.001.2
100 ## - MAIN ENTRY--PERSONAL NAME
Personal name Качурин,В.К. Врагин,А.В. Ергунов,В.Г.
245 ## - TITLE STATEMENT
Title Проектирование висячих и вантовых мостов.
245 ## - TITLE STATEMENT
Statement of responsibility, etc. Под общей ред. В.К.Качурина. Ред. К.М.Ивановская.
260 ## - PUBLICATION, DISTRIBUTION, ETC.
Place of publication, distribution, etc. М.
260 ## - PUBLICATION, DISTRIBUTION, ETC.
Name of publisher, distributor, etc. Транспорт.
260 ## - PUBLICATION, DISTRIBUTION, ETC.
Date of publication, distribution, etc. 1971.
300 ## - PHYSICAL DESCRIPTION
Extent 280стр.22см.библиогр.:стр.275.
300 ## - PHYSICAL DESCRIPTION
Accompanying material Чертеж.
653 ## - INDEX TERM--UNCONTROLLED
Uncontrolled term Проектирование висячих и вантовых мостов.
942 ## - ADDED ENTRY ELEMENTS (KOHA)
Koha item type წიგნი
ეგზემპლარები
Withdrawn status Lost status Damaged status Not for loan Date acquired Barcode Date last seen Price effective from Koha item type
        2018-12-17 11627 2018-12-17 2018-12-17 წიგნი